Hệ thống chăm sóc thông minh cho rau cải bẹ xanh : Báo cáo tổng kết đề tài nghiên cứu khoa học của sinh viên
Xây dựng một bộ sản phẩm thực hiện các chức năng: tự động tưới nước, tưới phân; ghi nhận thời gian bón phân, liều lượng; các thông số môi trường trên mô hình thực tế một cách ổn định....
Gardado en:
| Autor Principal: | |
|---|---|
| Formato: | Libro |
| Idioma: | Undetermined |
| Publicado: |
Cần Thơ
Trường Đại học Cần Thơ
2018
|
| Những chủ đề: | |
| Các nhãn: |
Engadir etiqueta
Sen Etiquetas, Sexa o primeiro en etiquetar este rexistro!
|
| Thư viện lưu trữ: | Trung tâm Học liệu Trường Đại học Cần Thơ |
|---|
| LEADER | 01141nam a2200217Ia 4500 | ||
|---|---|---|---|
| 001 | CTU_229258 | ||
| 008 | 210402s9999 xx 000 0 und d | ||
| 082 | |a 004.21 | ||
| 082 | |b L312 | ||
| 088 | |a TSV2017-16 | ||
| 100 | |a Trần, Nhựt Linh | ||
| 245 | 0 | |a Hệ thống chăm sóc thông minh cho rau cải bẹ xanh : | |
| 245 | 0 | |b Báo cáo tổng kết đề tài nghiên cứu khoa học của sinh viên | |
| 245 | 0 | |c Trần Nhựt Linh (Chủ nhiệm đề tài) ; Huỳnh Xuân Hiệp (Người hướng dẫn) | |
| 260 | |a Cần Thơ | ||
| 260 | |b Trường Đại học Cần Thơ | ||
| 260 | |c 2018 | ||
| 520 | |a Xây dựng một bộ sản phẩm thực hiện các chức năng: tự động tưới nước, tưới phân; ghi nhận thời gian bón phân, liều lượng; các thông số môi trường trên mô hình thực tế một cách ổn định. | ||
| 650 | |a Hệ thống thông tin,Information systems | ||
| 910 | |b nthai | ||
| 980 | |a Trung tâm Học liệu Trường Đại học Cần Thơ | ||